[Event "Pereira Fiestas de la Cosecha op"]
[Site "Pereira"]
[Date "2023.08.27"]
[Round "7"]
[White "Bustos Acosta, Isauro"]
[Black "Hernandez, Stefano"]
[Result "0-1"]
[WhiteElo "1656"]
[BlackElo "1766"]
[PlyCount "76"]
[EventDate "2023.08.24"]
[EventType "swiss"]
[EventRounds "7"]
[EventCountry "COL"]
[SourceTitle "EXT 2024"]
[Source "ChessBase"]
[SourceDate "2023.10.10"]
[SourceVersion "1"]
[SourceVersionDate "2023.10.10"]
[SourceQuality "1"]

1. e4 c5 2. Nf3 d6 3. c3 Nf6 4. h3 Nc6 5. Be2 Nxe4 6. d4 cxd4 7. cxd4 d5 8. 0-0 e6 9. Re1 Bb4 10. Nbd2 Nxd2 11. Bxd2 Bxd2 12. Qxd2 0-0 13. Bd3 Qf6 14. a3 Kh8 15. Bb5 Ne7 16. Rac1 a6 17. Qa5 Nf5 18. Red1 b6 19. Qa4 Bb7 20. Bc6 Qe7 21. Bxb7 Qxb7 22. Qc6 Ra7 23. Rc3 h6 24. Rdc1 Rd8 25. g4 Nd6 26. Ne5 Nb5 27. Rd3 Qb8 28. Qc2 Nxd4 29. Nxf7+ Rxf7 30. Rxd4 Rdf8 31. Rf1 Rf3 32. Kg2 Qe5 33. Qd2 h5 34. b4 h4 35. Rd3 Qe4 36. Rxf3 Rxf3 37. Kh2 Qe5+ 38. Kg2 Rxa3 0-1

[Event "Pereira Fiestas de la Cosecha"]
[Site "Pereira"]
[Date "2022.08.27"]
[Round "7"]
[White "Franco, Jhonier"]
[Black "Hernandez, Stefano"]
[Result "1-0"]
[WhiteElo "1868"]
[BlackElo "1780"]
[PlyCount "69"]
[EventDate "2022.08.24"]
[EventType "swiss"]
[EventRounds "10"]
[EventCountry "COL"]
[SourceTitle "CBM 210 Extra"]
[Source "ChessBase"]
[SourceDate "2022.11.30"]
[SourceVersion "1"]
[SourceVersionDate "2022.11.30"]
[SourceQuality "1"]

1. e4 c5 2. Nf3 d6 3. d4 cxd4 4. Nxd4 Nf6 5. Nc3 a6 6. Bg5 e6 7. f4 Nbd7 8. Qf3 h6 9. Bxf6 Nxf6 10. 0-0-0 Qc7 11. e5 Nd7 12. exd6 Bxd6 13. f5 e5 14. Nd5 Qd8 15. f6 Nxf6 16. Nf5 Bxf5 17. Qxf5 Nxd5 18. Rxd5 Qc7 19. Bd3 Qd7 20. Qh5 Qe6 21. Bc4 0-0 22. Rhd1 Bc7 23. Bb3 Qf6 24. Rd7 Rac8 25. Kb1 b5 26. a3 Bb8 27. Qe2 Qc6 28. Qf2 Qf6 29. Qe2 Qc6 30. c3 Qg6+ 31. Bc2 Qg5 32. g4 Rc4 33. h3 Rf4 34. Rg1 Rd8 35. Qd3 1-0

[Event "Pereira Gildardo Garcia Memorial-B"]
[Site "Pereira"]
[Date "2022.05.20"]
[Round "4"]
[White "Hernandez, Stefano"]
[Black "Cruz, Juan Stevan"]
[Result "1-0"]
[WhiteElo "1816"]
[BlackElo "1342"]
[PlyCount "119"]
[EventDate "2022.05.18"]
[EventType "swiss"]
[EventRounds "9"]
[EventCountry "COL"]
[SourceTitle "CBM 208 Extra"]
[Source "ChessBase"]
[SourceDate "2022.07.31"]
[SourceVersion "1"]
[SourceVersionDate "2022.07.31"]
[SourceQuality "1"]

1. e4 e5 2. Bc4 Nc6 3. Nf3 Bc5 4. d3 d6 5. Bg5 Nge7 6. h3 h6 7. Be3 Bb6 8. 0-0 0-0 9. c3 Be6 10. Bxe6 fxe6 11. b4 Ng6 12. d4 exd4 13. Nxd4 Nxd4 14. Bxd4 Bxd4 15. Qxd4 Qf6 16. Qc4 Qf7 17. Nd2 e5 18. Qb5 b6 19. a4 a6 20. Qc4 Qxc4 21. Nxc4 Rf7 22. a5 b5 23. Ne3 Nf4 24. Ra2 Nh5 25. Rc1 c5 26. Rd2 Nf6 27. f3 Rd7 28. Nf5 Rad8 29. Rcd1 cxb4 30. cxb4 d5 31. exd5 Kf7 32. Ne3 Rc8 33. Kf2 Rc3 34. Rd3 Rxd3 35. Rxd3 e4 36. Rd4 exf3 37. Kxf3 g6 38. Kf4 Nh5+ 39. Ke4 Nf6+ 40. Ke5 Re7+ 41. Kf4 Rd7 42. Rd3 Ke7 43. Ke5 h5 44. Rc3 Rd6 45. Rc6 Nd7+ 46. Kf4 Nb8 47. Rxd6 Kxd6 48. Kg5 Ke5 49. Kxg6 Ke4 50. Nf5 Kxd5 51. Kxh5 Kc4 52. g4 Kxb4 53. g5 Nd7 54. g6 Nf6+ 55. Kg5 Ng8 56. Nh6 Kxa5 57. Nxg8 b4 58. Nf6 b3 59. Ne4 b2 60. Nd2 1-0

[Event "COL-ch U2000"]
[Site "Pereira"]
[Date "2022.02.20"]
[Round "8"]
[White "Hernandez, Stefano"]
[Black "Chaux, Oscar Orlando"]
[Result "1-0"]
[WhiteElo "1706"]
[BlackElo "1894"]
[PlyCount "51"]
[EventDate "2022.02.16"]
[EventType "swiss"]
[EventRounds "9"]
[EventCountry "COL"]
[SourceTitle "CBM 207 Extra"]
[Source "ChessBase"]
[SourceDate "2022.05.31"]
[SourceVersion "1"]
[SourceVersionDate "2022.05.31"]
[SourceQuality "1"]

1. e4 c5 2. Nf3 d6 3. d4 cxd4 4. Nxd4 Nf6 5. Nc3 a6 6. Bg5 e6 7. f4 Qc7 8. Qf3 Be7 9. 0-0-0 h6 10. Bh4 Nxe4 11. Nxe4 Bxh4 12. Qg4 f5 13. Qg6+ Kf8 14. Nxf5 exf5 15. Nxd6 Qe7 16. Nxc8 Qf6 17. Qh5 g6 18. Qf3 Nc6 19. Nb6 Rd8 20. Nd7+ Rxd7 21. Rxd7 Qe6 22. Rxb7 Nd4 23. Qc3 Bf6 24. Qc5+ Ke8 25. Bc4 Qe4 26. Bf7+ 1-0

[Event "Manizales op 27th"]
[Site "Manizales"]
[Date "2022.01.10"]
[Round "8"]
[White "Loaiza Carranza, Pablo Eli"]
[Black "Hernandez, Stefano"]
[Result "0-1"]
[WhiteElo "1874"]
[BlackElo "1614"]
[PlyCount "58"]
[EventDate "2022.01.06"]
[EventType "swiss"]
[EventRounds "8"]
[EventCountry "COL"]
[SourceTitle "CBM 206 Extra"]
[Source "ChessBase"]
[SourceDate "2022.03.31"]
[SourceVersion "1"]
[SourceVersionDate "2022.03.31"]
[SourceQuality "1"]

1. e4 c5 2. Nf3 d6 3. Bb5+ Nd7 4. e5 a6 5. Bxd7+ Bxd7 6. 0-0 d5 7. d4 e6 8. c3 cxd4 9. Nxd4 g6 10. f4 Bg7 11. Na3 Ne7 12. Nac2 0-0 13. g4 Qb6 14. Kh1 Nc6 15. Rf2 g5 16. Qe1 gxf4 17. Nxc6 bxc6 18. b4 a5 19. Rxf4 axb4 20. Rxb4 Qc7 21. Bf4 Rfb8 22. a4 c5 23. Rxb8+ Qxb8 24. Rb1 Qc7 25. Na3 Rxa4 26. Qc1 Bxe5 27. Bh6 Rxg4 28. Nb5 Bxb5 29. Rxb5 Qc6 0-1

[Event "Manizales op 27th"]
[Site "Manizales"]
[Date "2022.01.08"]
[Round "4"]
[White "Hernandez, Stefano"]
[Black "Franco, Jhonier"]
[Result "1-0"]
[WhiteElo "1614"]
[BlackElo "1837"]
[PlyCount "91"]
[EventDate "2022.01.06"]
[EventType "swiss"]
[EventRounds "8"]
[EventCountry "COL"]
[SourceTitle "CBM 206 Extra"]
[Source "ChessBase"]
[SourceDate "2022.03.31"]
[SourceVersion "1"]
[SourceVersionDate "2022.03.31"]
[SourceQuality "1"]

1. e4 d5 2. exd5 Nf6 3. c4 c6 4. dxc6 Nxc6 5. Be2 Bf5 6. Nf3 e5 7. d3 Qd7 8. 0-0 0-0-0 9. Bg5 h6 10. Bh4 g5 11. Bg3 Bd6 12. Nc3 h5 13. h4 g4 14. Ng5 Bg6 15. a3 Ne8 16. b4 f5 17. c5 Bb8 18. Re1 f4 19. Bh2 g3 20. fxg3 Qd4+ 21. Kh1 Qxc3 22. gxf4 exf4 23. b5 Ne7 24. c6 Qd4 25. cxb7+ Kd7 26. Bf3 Ng7 27. Qe2 Qf6 28. Rac1 Rde8 29. Qc2 Qd6 30. Qc3 Rhg8 31. Bc6+ Nxc6 32. bxc6+ Kd8 33. Qa5+ Qc7 34. Qd5+ Qd6 35. Rxe8+ Rxe8 36. Nf7+ Bxf7 37. Qxf7 Ne6 38. d4 Rf8 39. Qxh5 Bc7 40. d5 Nd4 41. Re1 Qf6 42. Qh7 Qf7 43. Qd3 f3 44. Bxc7+ Kxc7 45. Qxd4 fxg2+ 46. Kxg2 1-0

[Event "Manizales op 27th"]
[Site "Manizales"]
[Date "2022.01.06"]
[Round "1"]
[White "Torres, Juan Camilo"]
[Black "Hernandez, Stefano"]
[Result "1-0"]
[WhiteElo "2324"]
[BlackElo "1614"]
[PlyCount "65"]
[EventDate "2022.01.06"]
[EventType "swiss"]
[EventRounds "8"]
[EventCountry "COL"]
[SourceTitle "CBM 206 Extra"]
[Source "ChessBase"]
[SourceDate "2022.03.31"]
[SourceVersion "1"]
[SourceVersionDate "2022.03.31"]
[SourceQuality "1"]

1. d4 d5 2. c4 c6 3. Nf3 Nf6 4. Nc3 dxc4 5. a4 Bg4 6. Ne5 Bh5 7. Nxc4 e6 8. g3 Bb4 9. Bg2 Nd5 10. Qd3 c5 11. 0-0 cxd4 12. Nxd5 exd5 13. Qxd4 0-0 14. Ne5 Bxe2 15. Qxb4 Bxf1 16. Bxf1 Nc6 17. Nxc6 bxc6 18. Be3 Qc7 19. Rc1 Qd7 20. Bd4 Rfd8 21. Qc3 c5 22. Bxg7 d4 23. Qxc5 Kxg7 24. Qg5+ Kh8 25. Qf6+ Kg8 26. Rc5 Qd6 27. Rg5+ Kf8 28. Qg7+ Ke7 29. Re5+ Kd7 30. Qxf7+ Kc8 31. Ba6+ Qxa6 32. Rc5+ Kb8 33. Qc7# 1-0

[Event "COL Subzt 2.3.4"]
[Site "Risarald"]
[Date "2021.11.28"]
[Round "9"]
[White "Rangel, Carlos"]
[Black "Hernandez, Stefano"]
[Result "1-0"]
[WhiteElo "1975"]
[BlackElo "1572"]
[PlyCount "71"]
[EventDate "2021.11.23"]
[EventType "swiss"]
[EventRounds "9"]
[EventCountry "COL"]
[SourceTitle "CBM 205 Extra"]
[Source "ChessBase"]
[SourceDate "2022.01.31"]
[SourceVersion "1"]
[SourceVersionDate "2022.01.31"]
[SourceQuality "1"]

1. d4 d5 2. c4 c6 3. Nc3 dxc4 4. a4 e5 5. dxe5 Qxd1+ 6. Kxd1 Be6 7. Bf4 Na6 8. Nf3 0-0-0+ 9. Nd2 h6 10. h4 Bb4 11. g3 Ne7 12. Bh3 Bxc3 13. bxc3 g5 14. Bxe6+ fxe6 15. Be3 Nd5 16. Kc2 Nxe3+ 17. fxe3 Nc5 18. Nxc4 Kc7 19. Rhf1 Rhf8 20. Rf3 gxh4 21. gxh4 Rg8 22. Rf7+ Rd7 23. Raf1 Rg4 24. R1f4 h5 25. a5 Rxf7 26. Rxf7+ Nd7 27. Nd6 Rxh4 28. Nxb7 Kxb7 29. Rxd7+ Ka6 30. Rd6 Kxa5 31. Rxc6 Kb5 32. Rxe6 a5 33. Re8 Kc6 34. Ra8 a4 35. Kd3 Kb7 36. e6 1-0

[Event "COL Subzt 2.3.4"]
[Site "Risarald"]
[Date "2021.11.27"]
[Round "8"]
[White "Hernandez, Stefano"]
[Black "Estrella Becerra, Fernando"]
[Result "1-0"]
[WhiteElo "1572"]
[BlackElo "1916"]
[PlyCount "101"]
[EventDate "2021.11.23"]
[EventType "swiss"]
[EventRounds "9"]
[EventCountry "COL"]
[SourceTitle "CBM 205 Extra"]
[Source "ChessBase"]
[SourceDate "2022.01.31"]
[SourceVersion "1"]
[SourceVersionDate "2022.01.31"]
[SourceQuality "1"]

1. e4 c5 2. Nf3 Nc6 3. d4 cxd4 4. Nxd4 e5 5. Nb3 Nf6 6. Nc3 d6 7. h3 Be7 8. Be3 Be6 9. Be2 a6 10. 0-0 0-0 11. Kh1 Rc8 12. f4 exf4 13. Bxf4 Ne5 14. Nd4 Bc4 15. Bd3 Nxd3 16. cxd3 Be6 17. Nf3 Qb6 18. Qd2 Rfd8 19. d4 d5 20. e5 Ne4 21. Qe3 Nxc3 22. bxc3 Qa5 23. Rfc1 b5 24. Qd3 Rc7 25. Bd2 Qa4 26. Bg5 Qa3 27. Bxe7 Qxe7 28. Nd2 Qg5 29. Nb3 Bf5 30. Qe2 Rc6 31. Nc5 Rh6 32. Qf3 Rc8 33. Kh2 Rxc5 34. dxc5 Be4 35. Qg3 Qd8 36. Qf4 Rg6 37. g3 f5 38. a4 Rc6 39. axb5 axb5 40. Qe3 Qc8 41. Ra7 Rxc5 42. Qg5 Rc7 43. Rca1 d4 44. e6 dxc3 45. Rxc7 Qxc7 46. Ra7 h6 47. Rxc7 hxg5 48. Rc8+ Kh7 49. e7 c2 50. e8Q Kh6 51. g4 1-0

[Event "COL Subzt 2.3.4"]
[Site "Risarald"]
[Date "2021.11.26"]
[Round "7"]
[White "Mena Mayo, Jairo"]
[Black "Hernandez, Stefano"]
[Result "0-1"]
[WhiteElo "1822"]
[BlackElo "1572"]
[PlyCount "98"]
[EventDate "2021.11.23"]
[EventType "swiss"]
[EventRounds "9"]
[EventCountry "COL"]
[SourceTitle "CBM 205 Extra"]
[Source "ChessBase"]
[SourceDate "2022.01.31"]
[SourceVersion "1"]
[SourceVersionDate "2022.01.31"]
[SourceQuality "1"]

1. e4 c5 2. f4 e5 3. Nf3 exf4 4. Bc4 Nc6 5. c3 h6 6. h4 Qc7 7. Na3 a6 8. Qb3 d6 9. Bd5 Na5 10. Qd1 Nf6 11. d3 Nh5 12. Bd2 g6 13. b4 Nc6 14. d4 Ng3 15. Rh2 Nh5 16. Qb1 cxb4 17. cxb4 Bg7 18. Qd3 0-0 19. Rc1 Qe7 20. Kf2 Nd8 21. b5 Be6 22. b6 Bxd5 23. exd5 f5 24. Rc7 Qf6 25. Rh1 Ng3 26. Re1 Ne4+ 27. Kg1 g5 28. hxg5 hxg5 29. Nc2 Qh6 30. Ba5 g4 31. Nd2 g3 32. Nf3 Nf2 33. Kf1 Nxd3 34. Ree7 Nf7 35. Ke2 Nf2 36. Rxb7 Rfe8 37. Kd2 Rxe7 38. Rxe7 Qf6 39. b7 Rb8 40. Re6 Rxb7 41. Rxf6 Bxf6 42. Bb4 Kg7 43. a3 Kg6 44. Nce1 Kh5 45. Ke2 Ne4 46. Kd3 Be7 47. Ng1 Bd8 48. Ne2 Kg4 49. Bd2 Nxd2 0-1

[Event "COL Subzt 2.3.4"]
[Site "Risarald"]
[Date "2021.11.23"]
[Round "1"]
[White "Villamizar, Diego Fernando"]
[Black "Hernandez, Stefano"]
[Result "1-0"]
[WhiteElo "1977"]
[BlackElo "1572"]
[PlyCount "65"]
[EventDate "2021.11.23"]
[EventType "swiss"]
[EventRounds "9"]
[EventCountry "COL"]
[SourceTitle "CBM 205 Extra"]
[Source "ChessBase"]
[SourceDate "2022.01.31"]
[SourceVersion "1"]
[SourceVersionDate "2022.01.31"]
[SourceQuality "1"]

1. d4 d5 2. c4 c6 3. e3 Nf6 4. Nc3 e6 5. a3 Be7 6. Nf3 0-0 7. b3 Qa5 8. Bd2 dxc4 9. bxc4 Qh5 10. Be2 b6 11. h4 e5 12. Nxe5 Qf5 13. Bf3 Bb7 14. 0-0 Nfd7 15. Bg4 Qf6 16. Nxd7 Nxd7 17. Bxd7 Qxh4 18. Qf3 Rad8 19. Bxc6 Bd6 20. g3 Bxc6 21. Qxc6 Qh5 22. Kg2 Rfe8 23. Rh1 Qg6 24. Qf3 h6 25. e4 Bb8 26. Be3 Qc6 27. Rac1 Qxc4 28. Nd5 Qd3 29. e5 Qg6 30. Rc6 Qh7 31. Rhxh6 Qd3 32. Nf6+ gxf6 33. Qg4+ 1-0

[Event "Villamaria op 2nd"]
[Site "Villamaria"]
[Date "2016.07.03"]
[Round "3"]
[White "Hernandez, Stefano"]
[Black "Paniagua, Fabio de Jesus"]
[Result "0-1"]
[WhiteElo "1566"]
[BlackElo "1858"]
[PlyCount "68"]
[EventDate "2016.07.02"]
[EventType "swiss"]
[EventRounds "7"]
[EventCountry "COL"]
[SourceTitle "CBM 173 Extra"]
[Source "ChessBase"]
[SourceDate "2016.08.29"]
[SourceVersion "1"]
[SourceVersionDate "2016.08.29"]
[SourceQuality "1"]

1. e4 e5 2. Bc4 Bc5 3. Nf3 Nc6 4. Nc3 Nf6 5. d3 d6 6. Bg5 h6 7. Bh4 Be6 8. Bb3 Qd7 9. Ba4 g5 10. Bg3 0-0-0 11. Qd2 Nh5 12. d4 Nxg3 13. hxg3 exd4 14. Bxc6 Qxc6 15. Nxd4 Qb6 16. 0-0-0 Bd7 17. f4 Bg4 18. Nd5 Qa6 19. Rde1 Qxa2 20. Nb3 c6 21. Nc3 Qa6 22. fxg5 hxg5 23. Rxh8 Rxh8 24. Nxc5 Qa1+ 25. Nb1 dxc5 26. Qxg5 Be6 27. b3 c4 28. Qe3 cxb3 29. cxb3 Rd8 30. Re2 a5 31. Rb2 Rd1+ 32. Kc2 a4 33. bxa4 Qxa4+ 34. Kc3 Qc4# 0-1

[Event "Villamaria op 2nd"]
[Site "Villamaria"]
[Date "2016.07.03"]
[Round "4"]
[White "Pinzon, Luis Guillermo"]
[Black "Hernandez, Stefano"]
[Result "0-1"]
[WhiteElo "1620"]
[BlackElo "1566"]
[PlyCount "45"]
[EventDate "2016.07.02"]
[EventType "swiss"]
[EventRounds "7"]
[EventCountry "COL"]
[SourceTitle "CBM 173 Extra"]
[Source "ChessBase"]
[SourceDate "2016.08.29"]
[SourceVersion "1"]
[SourceVersionDate "2016.08.29"]
[SourceQuality "1"]

1. e4 c5 2. Nf3 d6 3. Bc4 Nf6 4. d3 Nc6 5. a3 Bg4 6. c3 e6 7. Ba2 Ne5 8. Bg5 h6 9. Bh4 Qb6 10. b4 cxb4 11. axb4 a5 12. Qa4+ Nfd7 13. Nxe5 dxe5 14. 0-0 Be2 15. Re1 Bxd3 16. Nd2 Bb5 17. Qc2 axb4 18. cxb4 g5 19. Bg3 Be7 20. Nf3 f6 21. Bxe6 Rxa1 22. Bxd7+ Kxd7 23. Rxa1 0-1

[Event "Risarald op"]
[Site "Risarald"]
[Date "2015.06.13"]
[Round "3"]
[White "Hernandez, Stefano"]
[Black "Sanchez Riobo, Emily Dainne"]
[Result "1-0"]
[WhiteElo "1766"]
[BlackElo "1424"]
[PlyCount "59"]
[EventDate "2015.06.12"]
[EventType "swiss"]
[EventRounds "7"]
[EventCountry "COL"]
[SourceTitle "CBM 167 Extra"]
[Source "ChessBase"]
[SourceDate "2015.09.14"]
[SourceVersion "1"]
[SourceVersionDate "2015.09.14"]
[SourceQuality "1"]

1. e4 e5 2. Bc4 Bc5 3. Nf3 Nc6 4. Bd5 Nf6 5. Bxc6 dxc6 6. d3 0-0 7. Nxe5 Qe7 8. Nf3 Bg4 9. 0-0 Bxf3 10. Qxf3 Bd6 11. Qe2 Qe5 12. f4 Bc5+ 13. Kh1 Qe7 14. Nc3 Rad8 15. e5 Nd5 16. Ne4 f6 17. c3 fxe5 18. fxe5 Rxf1+ 19. Qxf1 Ne3 20. Bxe3 Bxe3 21. d4 Rf8 22. Qe2 Bf4 23. g3 Bh6 24. Rf1 Rxf1+ 25. Qxf1 Qe6 26. b3 Qg4 27. Nc5 b6 28. e6 bxc5 29. Qf7+ Kh8 30. Qf8# 1-0

[Event "Pereira Forero Cup 2nd"]
[Site "Pereira"]
[Date "2015.04.18"]
[Round "3"]
[White "Vargas, Eduar Misael"]
[Black "Hernandez, Stefano"]
[Result "1-0"]
[WhiteElo "1945"]
[BlackElo "1791"]
[PlyCount "45"]
[EventDate "2015.04.17"]
[EventType "swiss"]
[EventRounds "5"]
[EventCountry "COL"]
[SourceTitle "CBM 166 Extra"]
[Source "ChessBase"]
[SourceDate "2015.06.18"]
[SourceVersion "1"]
[SourceVersionDate "2015.06.18"]
[SourceQuality "1"]

1. d4 d5 2. c4 e6 3. Nc3 c6 4. Nf3 Nf6 5. Bg5 Nbd7 6. e3 Be7 7. Bd3 b6 8. 0-0 Bb7 9. Rc1 Rc8 10. cxd5 exd5 11. Qe2 0-0 12. Ba6 Qc7 13. Bf4 Bxa6 14. Qxa6 Bd6 15. Nb5 Nb8 16. Nxc7 Nxa6 17. Nxa6 Bxf4 18. exf4 Ne4 19. Nb4 c5 20. Nxd5 Rcd8 21. Ne7+ Kh8 22. Nc6 Rd7 23. Rfe1 1-0

[Event "Valle Region-ch U18"]
[Site "Ansermanuevo"]
[Date "2012.03.23"]
[Round "6.4"]
[White "Hernandez, Stefano"]
[Black "Perez, Fernando David"]
[Result "1/2-1/2"]
[WhiteElo "1800"]
[BlackElo "1692"]
[PlyCount "59"]
[EventDate "2012.03.23"]
[EventType "swiss"]
[EventRounds "7"]
[EventCountry "COL"]
[SourceTitle "EXT 2024"]
[Source "ChessBase"]
[SourceDate "2023.10.10"]
[SourceVersion "1"]
[SourceVersionDate "2023.10.10"]
[SourceQuality "1"]

1. e4 e6 2. d4 d5 3. exd5 exd5 4. Nc3 Bb4 5. Nf3 Nf6 6. Bd3 0-0 7. 0-0 Bg4 8. h3 Bh5 9. Bg5 c6 10. Re1 Nbd7 11. Bf5 Bd6 12. Bxd7 Qxd7 13. Bxf6 gxf6 14. g4 Kh8 15. Nh4 Rg8 16. Kf1 Rae8 17. Nf5 Qxf5 18. gxf5 Bxd1 19. Raxd1 Bb4 20. Rxe8 Rxe8 21. Ne2 Bd6 22. Ng3 Bxg3 23. fxg3 h5 24. Re1 Rxe1+ 25. Kxe1 Kg7 26. Kf2 Kh6 27. h4 b6 28. b4 b5 29. Kf3 Kg7 30. Kf2 1/2-1/2

[Event "COL-ch School U13"]
[Site "Yumbo"]
[Date "2010.04.30"]
[Round "7.8"]
[White "Sierra, Daniel"]
[Black "Hernandez, Stefano"]
[Result "0-1"]
[WhiteElo "1595"]
[BlackElo "1552"]
[PlyCount "46"]
[EventDate "2010.04.27"]
[EventType "swiss"]
[EventRounds "7"]
[EventCountry "COL"]
[SourceTitle "EXT 2024"]
[Source "ChessBase"]
[SourceDate "2023.10.10"]
[SourceVersion "1"]
[SourceVersionDate "2023.10.10"]
[SourceQuality "1"]

1. e4 c5 2. Nf3 d6 3. d4 cxd4 4. Nxd4 Nf6 5. Nc3 Nc6 6. Bg5 g6 7. Bb5 Bd7 8. Be3 Bg7 9. Qe2 0-0 10. Bd3 h6 11. Nb3 Ne5 12. h3 Kh7 13. f4 Nc6 14. g4 Ng8 15. h4 Qc8 16. f5 Ne5 17. Nd4 a6 18. Nd5 Qd8 19. Nf4 Nxd3+ 20. Qxd3 e5 21. fxe6 Bxd4 22. Bxd4 fxe6 23. h5 Rxf4 0-1